Etiqueta de registo: 00254nam 2200025 450
001 2094585
003 http://id.bnportugal.gov.pt/bib/catbnp/2094585
021 ## $aPT$b494115/22
100 ## $a20220310d2022 m y0pory01030103ba
101 0# $apor
102 ## $aPT
105 ## $ay z 000yy
106 ## $ar
200 1# $aGotas olímpicas$fRicardo de Moura
205 ## $a1ª ed
210 #9 $a[S.l.$cs.n.],$d2022$eCartaxo :$gTipografia NovaGráfica do Cartaxo)
215 ## $a140 p.$d21 cm
675 ## $a796.032$vBN$zpor$31442666
700 #1 $aMoura,$bRicardo de$31838125
801 #0 $aPT$bBN$gRPC
856 41 $uhttp://rnod.bnportugal.gov.pt/ImagesBN/winlibimg.aspx?skey=&doc=2094585&img=162195&save=true
900 ## $aBIBNAC$d20220323
966 ## $lBN$mFGMON$sB.A. 46950 V.$x1
966 ## $lBN$mFGMON$sB.A. 46950 V.-D$x1
971 ## $cdpenetra$d20220310
972 ## $e0$z0$d20220323$viquintas
973 ## $cmmoinhos$d20220317
Etiqueta de registo: 00254nam 2200025 450
001 2288130
003 http://id.bnportugal.gov.pt/bib/catbnp/2288130
010 ## $a978-989-33-9300-0
021 ## $aPT$b564367/26
100 ## $a20260617d2026 m y0pory01030103ba
101 1# $aeng$cpor
102 ## $aPT
105 ## $aa z 000yy
106 ## $ar
200 1# $aPortuguese jogo do pau$e the portuguese martial art, a tradition with centuries of practice$fPaulo Jorge da Silva Lopes$gtransl. and notes Didi Cardoso$gRicardo Moura
205 ## $a1st ed
210 #9 $aLisbon$cStafffigiiter's Library$cNúcleo de Investigação Histórica do Jogo do Pau Português,$d2026
215 ## $a223 p.$cil.$d23 cm
304 ## $aTít. orig.: O jogo do pau português : a arte marcial portuguesa, uma tradição com
séculos de prática
700 #1 $aLopes,$bPaulo Jorge da Silva,$f1976-$31799110
702 #1 $aCardoso,$bDidi$4730$32000267
702 #1 $aMoura,$bRicardo de$4080$31838125
801 #0 $aPT$bBN$gRPC
966 ## $lBN$mFGMON$x1
971 ## $cabrito$d20260617